00507 a2200157 4500003000500000005001700005020001500022040000900037082001600046100002100062245006500083260004800148300001100196505012000207650002200327Nust20221012180309.0 a8175961562 cNust a540.712,MAT aMatthews, Philip aAdvanced Chmistrybphysical and IndustrialcPhilip Matthews. aCambridgebCambridge university pressc2006 a976 :P aPART-A: Physical Chemistry (Page-1) PART-B: Industrial Chemistry (Page-495) PART-C: Inorganic Chemistry (Page-531). aAdvanced Chmistry